Pedagógia y derechos humanos : encuentros y desencuentros : aproximaciones desde la ética y la cultura en América Latina.

Guardat en:
Dades bibliogràfiques
Autor corporatiu: Red Latinoamericana de Educación para la Paz y los Derechos Humanos
Format: Llibre
Idioma:espanyol
Matèries:
Etiquetes: Afegir etiqueta
Sense etiquetes, Sigues el primer a etiquetar aquest registre!

MARC

LEADER 00000cam^a2200000uu^4500
001 000463588
005 20250521000000.0
008 050901s1997^^^^^^^^^^^^rd^r^^000^0^spa^d
009 20260310124315.937
022 |a 9589615902 
035 |a FCE 000006138 
035 |a FCE 024148 
037 |a Acervo ITESO - Biblioteca 
041 |a spa 
082 0 4 |a 370.323  |b REDp 
110 |a Red Latinoamericana de Educación para la Paz y los Derechos Humanos 
245 1 0 |a Pedagógia y derechos humanos :  |b encuentros y desencuentros : aproximaciones desde la ética y la cultura en América Latina. 
264 |a Bogotá :  |b Códice ltda,  |c 1997. 
300 |a 99 p. 
336 |a texto  |b txt  |2 rdacontenido 
337 |a sin mediación  |b n  |2 rdamedio 
338 |a volumen  |b nc  |2 rdasoporte 
649 |a XX 
650 |a Democracia 
650 |a Derechos humanos 
650 |a Igualdad de oportunidades 
650 |a Pedagogía 
650 |a América Latina 
910 |a Fondo Centro de Estudios Educativos 
920 |a Impresos - Libros 
930 |a Fondos Especiales 
905 |a 133 
901 |a ALE024148  |b IT2  |c CEE  |u 20250521 
902 |a https://opac.biblio.iteso.mx/vufind/Record/000463588